З прожитого... з відвертістю (відчайдушне зазіхання на мемуари) (Запис № 574290)

МАРК-запис
000 -Лідер
fixed length control field 00959 a2200241 4500
003 - Ідентифікатор контрольного номера
control field UA-OsUOA
005 - Дата та час останнього входження (трансакції)
control field 20230621144055.0
008 - Елементи даних фіксованої довжини – загальна інформація
fixed length control field 230601b un ||||| |||| 00| 0 ukr d
020 ## - Міжнародний стандартний книжковий номер (ISBN)
Міжнародний стандартний книжковий номер (ISBN) (НП) 9786178240035
040 ## - Джерело каталогізації
Агенція оригінальної каталогізації UA-OsUOA
Мова каталогізації ukr
Агенція, яка здійснювала перезапис UA-OsUOA
Агенція, яка здійснювала модифікацію UA-OsUOA
041 ## - Код мови
Код мови тексту/ звукової доріжки чи окремого заголовка (П) ukr
080 ## - Індекс Універсальної десяткової класифікації
Індекс Універсальної десяткової класифікації (УДК) (НП) 94(477)152
090 ## - Локальний шифр розміщення
Класифікаційний індекс УДК 94(477)152
Авторський знак (НП) Л17
100 ## - Основне введення – ім’я особи
Ім’я особи (НП) Лазебник С.
245 ## - Відомості про назву
Назва (НП) З прожитого... з відвертістю (відчайдушне зазіхання на мемуари)
Дані про відповідальність (НП) Станіслав Лазебник
260 ## - Публікація, розповсюдження і т.п. (Вихідні дані)
Місце публікації, розповсюдження і т.п. (П) К.
Ім’я/ наймення видавництва, розповсюджувача і т.п. (П) ГДІП
Дата публікації, розповсюдження і т.п. (П) 2023
300 ## - Фізичний опис
Обсяг 176 с.
490 ## - Область серії
Назва серії Бібліотека наукового щорічника "Україна дипломатична"
Позначення і номер тому / порядкове позначення Вип. 27
650 ## - Додаткове предметне введення – тематичний термін
Джерело заголовка чи терміна UDC
Тематичний термін чи географічна назва, як елемент введення (НП) 94(477) Історія України
942 ## - Додаткові елементи входу (Коха)
Тип елемента Koha Книги
Source of classification or shelving scheme Universal Decimal Classification
955 ## - Код типу видання за змістом
Код типу видання за змістом (НП) Літературно-художні видання
Фонди
Стан вилучень Стан втрат Джерело класифікації або схеми стелажів Стан уражень Не для кредиту Код колекції Постійне місце розташування Поточне розміщення Дата придбання Джерело придбання Вартість, звичайна ціна покупки Усього замовленно Повний номер виклику Штрих-код Дата останнього перегляду Вартість, ціна заміни Ціна ефективна від Тип елемента Koha Примітка, призначена для загального доступу
    Universal Decimal Classification       АБ - Абонемент НБ АБ - Абонемент НБ 07/11/2023 №35/24.10.2023 100.00   94(477)152 Л17 166806 07/11/2023 100.00 07/11/2023 Книги подарував Шевчук Д.
    Universal Decimal Classification     Колекція Огризка В. С. ЧЗ - Читальна зала ЧЗ - Читальна зала 01/06/2023 №14/31.05.2023 100.00   94(477)152 Л17 165828 01/06/2023 100.00 01/06/2023 Книги